Standard handbook for civil engineers / (Record no. 100464)
[ view plain ]
| 000 -LEADER | |
|---|---|
| fixed length control field | 00824nam a2200253 a 4500 |
| 008 - FIXED-LENGTH DATA ELEMENTS--GENERAL INFORMATION | |
| fixed length control field | |
| 020 ## - INTERNATIONAL STANDARD BOOK NUMBER | |
| International Standard Book Number | 0070415978 (cased) |
| 049 ## - LOCAL HOLDINGS (OCLC) | |
| Holding library | MAIN |
| 090 ## - LOCALLY ASSIGNED LC-TYPE CALL NUMBER (OCLC); LOCAL CALL NUMBER (RLIN) | |
| Classification number (OCLC) (R) ; Classification number, CALL (RLIN) (NR) | REFTA151 STA |
| 003 - CONTROL NUMBER IDENTIFIER | |
| control field | |
| 005 - DATE AND TIME OF LATEST TRANSACTION | |
| control field | 20230120191411.0 |
| 040 ## - CATALOGING SOURCE | |
| Transcribing agency | NUST |
| 245 00 - TITLE STATEMENT | |
| Title | Standard handbook for civil engineers / |
| Statement of responsibility, etc. | Frederick S. Merritt, editor, M. Kent Loftin, editor, Jonathan T. Ricketts, editor. |
| 250 ## - EDITION STATEMENT | |
| Edition statement | 4th ed. |
| 260 ## - PUBLICATION, DISTRIBUTION, ETC. | |
| Place of publication, distribution, etc. | New York ; |
| Name of publisher, distributor, etc. | McGraw-Hill, |
| Date of publication, distribution, etc. | c1996. |
| 300 ## - PHYSICAL DESCRIPTION | |
| Extent | xxii, 1 v. with various paging : |
| Other physical details | ill. : |
| Dimensions | 25 cm. |
| 500 ## - GENERAL NOTE | |
| General note | Includes index. |
| 650 #0 - SUBJECT ADDED ENTRY--TOPICAL TERM | |
| Topical term or geographic name entry element | Civil engineering |
| General subdivision | Handbooks, manuals, etc. |
| 700 1# - ADDED ENTRY--PERSONAL NAME | |
| Personal name | Merritt, Frederick S. |
| 700 1# - ADDED ENTRY--PERSONAL NAME | |
| Personal name | Loftin, M. Kent. |
| 700 1# - ADDED ENTRY--PERSONAL NAME | |
| Personal name | Ricketts, Jonathan T. |
| 907 ## - LOCAL DATA ELEMENT G, LDG (RLIN) | |
| a | .b10131231 |
| b | 18-01-07 |
| c | 20-07-04 |
| 942 ## - ADDED ENTRY ELEMENTS (KOHA) | |
| Koha item type | Ordinary Loan Books |
| Call number prefix | REFTA151 STA |
| Date last seen | Total Checkouts | Full call number | Barcode | Cost, replacement price | Price effective from | Koha item type | Lost status | Source of classification or shelving scheme | Damaged status | Not for loan | Collection | Withdrawn status | Home library | Current library | Shelving location | Date acquired | Cost, normal purchase price |
|---|---|---|---|---|---|---|---|---|---|---|---|---|---|---|---|---|---|
| 01/20/2023 | REFTA151 STA | 92003021441 | 80.00 | 01/20/2023 | REF | LCC | NFIC | MAIN | MAIN | GEN | 01/20/2023 | 80.00 |